Vyzlečené myšlienky

Bibliographic Details
Main Author: Malovič, Pavel, 1952- (Author)
Format: Article
Language:Slovak
PhysicalDescription:Fotogr.
ISSN:1336-5932
Subjects:

MARC

LEADER 00000nab a2200000 a 4500
001 vtls009949112
003 SK-MaSNL
005 20260303050356.0
008 140515c2009 xo wr|p|||||||000 b|slo
015 |a SNBRB2009/09  |2 snkbucl 
040 |a SNKBUCL  |b slo  |c SNKBUCL  |e AACR2 
041 0 |a slo 
044 |a xo  |c SK 
080 |a 82:929:821.111 (73)  |2 2001 
080 |a 821.111 (73):929  |2 2001 
080 |a 929 Burroughs, William S.  |2 2001 
100 1 |a Malovič, Pavel,  |d 1952-  |4 aut  |9 122730 
245 1 0 |a Vyzlečené myšlienky  |c Pavel Malovič 
300 |b Fotogr. 
600 1 7 |a Burroughs, William S.  |q (William Seward),  |d 1914-1997  |t Nahý obed  |2 snkbucl  |9 55815 
650 0 7 |a americkí spisovatelia  |2 snkbucl  |9 82945 
655 7 |a analýzy  |2 snkbucl  |9 22242 
773 0 |t Týždeň  |g Roč. VI, č. 33 (2009), s. 56-[57]  |x 1336-5932 
852 |a SNK  |b KIS3GCP 
958 |a US 
958 |a LX 
958 |a BC 
999 |c 1707213  |d 1709143